20th Century Photography : Museum Ludwig Cologne /

Na minha lista:
Detalhes bibliográficos
Main Authors: Mißelbeck, Reinhold (Author), Bieger-Thielemann, Marianne (Author), Goodrow, Gérard A. (Author), Haberer, Lilian (Author), Pröllochs, Ute (Author), Solbrig, Anke (Author), von Taschitzki, Thomas (Author), Zschocke, Nina (Author)
Formato: Livro
Idioma:inglês
Publicado em: Köln : Taschen GmbH, 2020
Edição:2. vydanie
Assuntos:
Tags: Adicionar Tag
Sem tags, seja o primeiro a adicionar uma tag!

MARC

LEADER 00000nam a22000003a 4500
001 0089198
003 SK-STU
005 20210630111307.3
007 ta
008 210630s ----xo-----e------000-0-----d
020 |a 978-3-8365-4102-2 
040 |a STU  |b slo 
041 0 |a eng 
044 |a gw 
100 1 |a Mißelbeck, Reinhold  |4 lso  |4 aut 
245 1 0 |a 20th Century Photography :  |b Museum Ludwig Cologne /  |c Reinhold Mißelbeck, Marianne Bieger-Thielemann, Gérard A Goodrow, Lilian Haberer, Ute Pröllochs, Anke Solbrig, Thomas von Taschitzki, Nina Zschocke 
250 |a 2. vydanie 
260 |a Köln :  |b Taschen GmbH,  |c 2020 
300 |a 760 s. 
650 0 7 |a fotografia 
650 0 7 |a dejiny a teória umenia 
650 0 7 |a 20. storočie 
700 1 |a Bieger-Thielemann, Marianne  |4 aut 
700 1 |a Goodrow, Gérard A.  |4 aut 
700 1 |a Haberer, Lilian  |4 aut 
700 1 |a Pröllochs, Ute  |4 aut 
700 1 |a Solbrig, Anke  |4 aut 
700 1 |a von Taschitzki, Thomas  |4 aut 
700 1 |a Zschocke, Nina  |4 aut 
996 |b 284AU08696  |c A* 11974/U  |l AAKNST  |s P  |a 0  |w 0089198_0001 
996 |b 284AU08695  |c A* 11975/U  |l AAKNAR  |s A  |a 24  |w 0089198_0002